| 000 | 00864nam a22002055i 4500 | ||
|---|---|---|---|
| 001 | 158439 | ||
| 003 | ES-MaACL | ||
| 005 | 20250724074709.0 | ||
| 008 | 040831s1853 sp |||| | spa d | ||
| 040 |
_aCAM _bspa _cCAM |
||
| 100 | 1 |
_aMadorell y Badia, Manuel. _9129321 |
|
| 245 | 1 | 0 |
_aElementos de aritmética universal / _cpor Manuel Madorell y Badia. |
| 250 | _a3ª ed. notablemente corr. | ||
| 260 |
_aBarcelona : _b[s.n.], _c1853 ( _fImprenta de Tomas Gaspar) |
||
| 300 |
_av. ; _c15 cm. |
||
| 500 | _aObra aprobada por Real órden de 20 de mayo de 1852 para servir de texto en los colegios y escuelas de ambos sexos. | ||
| 650 | 0 | 7 |
_aAritmética _2embne _99963 |
| 852 |
_aES-MaACL _jT-1304-F-4 _z-- Enc. hol. _z-- Donativo Bosch _q-- Sólo t.I (143 p.), falto de la cub. original _z-- Enc. en un vol. facticio que mide 20 cm |
||
| 999 |
_c158439 _d158439 |
||